00172nam a2200073Ia 4500020001900000100001800019245002000037008004100057 a9781741646658" aTHOMPSON LISA 0aTHE MIND READER210805s9999 xx 000 0 und d